Southville International School and Colleges
Your cart is empty.
  • Cart
  • Lists
    Public lists Eva Luna New books Lux_list list_1
    Your lists Log in to create your own lists
  • Log in to your account
  • Your cookies
  • Search history
Southville International School and Colleges
  • Advanced search
  • Recent comments
  • Most popular
  • Libraries

Log in to your account

Log in with GOOGLE


If you do not have an external account, but do have a local account, you can still log in:

  1. Home
  2. MARC view: Asymmetry in similarity formation:Extension of similarity theory to open sets of features /
Normal view MARC view ISBD view

Asymmetry in similarity formation:Extension of similarity theory to open sets of features / (Record no. 361827)

[ view plain ]
MARC details
000 -LEADER
fixed length control field 00661nam a2200181Ia 4500
008 - FIXED-LENGTH DATA ELEMENTS--GENERAL INFORMATION
fixed length control field 190511s9999 xx 000 0 und d
100 ## - MAIN ENTRY--PERSONAL NAME
Personal name Falkowski, Andrzej
245 ## - TITLE STATEMENT
Title Asymmetry in similarity formation:Extension of similarity theory to open sets of features /
245 ## - TITLE STATEMENT
Statement of responsibility, etc Andrzej Falkowski, Maria Sidoruk Blach, Zbigniew Bartosiewicz, Justyna M. Olszewska.--
260 ## - PUBLICATION, DISTRIBUTION, ETC. (IMPRINT)
Name of publisher, distributor, etc University of Illinois Press
260 ## - PUBLICATION, DISTRIBUTION, ETC. (IMPRINT)
Date of publication, distribution, etc 2018
300 ## - PHYSICAL DESCRIPTION
Extent Pages 151-159, Summer 2018
440 ## - SERIES STATEMENT/ADDED ENTRY--TITLE
Title Journal of Psychology
Volume number/sequential designation 131(2)
650 ## - SUBJECT ADDED ENTRY--TOPICAL TERM
Topical term or geographic name as entry element common model
650 ## - SUBJECT ADDED ENTRY--TOPICAL TERM
Topical term or geographic name as entry element Contast and model
650 ## - SUBJECT ADDED ENTRY--TOPICAL TERM
Topical term or geographic name as entry element distinctive and common features
650 ## - SUBJECT ADDED ENTRY--TOPICAL TERM
Topical term or geographic name as entry element Features of similarity
Holdings
Withdrawn status Lost status Damaged status Home library Current library Date acquired Total Checkouts Date last seen Price effective from Koha item type
      College Library College Library 05/11/2019   05/11/2019 05/11/2019 Periodicals

Asymmetry in similarity formation:Extension of similarity theory to open sets of features /

APA

Falkowski A., .Asymmetry in similarity formation:Extension of similarity theory to open sets of features. : University of Illinois Press.

Chicago

Falkowski Andrzej, .Asymmetry in similarity formation:Extension of similarity theory to open sets of features. : University of Illinois Press.

Harvard

Falkowski A., .Asymmetry in similarity formation:Extension of similarity theory to open sets of features. : University of Illinois Press.

MLA

Falkowski Andrzej, .: University of Illinois Press. .

  • Place hold
  • Print
  • Cite
  • Add to your cart (remove)
  • Save record
    BIBTEX Dublin Core MARCXML MARC (non-Unicode/MARC-8) MARC (Unicode/UTF-8) MARC (Unicode/UTF-8, Standard) MODS (XML) RIS
  • More searches
    Search for this title in:
    Other Libraries (WorldCat) Other Databases (Google Scholar) Online Stores (Bookfinder.com) Open Library (openlibrary.org)

Exporting to Dublin Core...

SOUTHVILLE LIBRARY

Southville International School and Colleges Library

1281 Tropical Ave. Cor. Luxembourg St., BF Homes International, Las Pinas City

Tel. No. 8256374 / 252358 Loc. 117/146

Powered by Koha